Игра с бесконечностью: пер. с нем.

التفاصيل البيبلوغرافية
المؤلف الرئيسي: Петер Р. Роза
اللغة:الروسية
منشور في: Москва, Молодая гвардия, 1967
الموضوعات:
التنسيق: كتاب
KOHA link:https://koha.lib.tpu.ru/cgi-bin/koha/opac-detail.pl?biblionumber=372774

MARC

LEADER 00000nam0a2200000 4500
001 372774
005 20231101050416.0
035 |a (RuTPU)RU\TPU\retro\30199 
035 |a RU\TPU\book\205983 
090 |a 372774 
100 |a 20221215d1967 m y0rusy50 ca 
101 1 |a rus  |c ger 
102 |a RU 
105 |a a z 000zy 
200 1 |a Игра с бесконечностью  |e пер. с нем.  |f Р. Петер 
210 |a Москва  |c Молодая гвардия  |d 1967 
215 |a 368 с.  |c ил. 
610 1 |a математика 
610 1 |a математические науки 
610 1 |a теория 
610 1 |a методология 
610 1 |a числа 
610 1 |a бесконечность 
610 1 |a занимательная математика 
610 1 |a математические игры 
675 |a 51  |v 3 
700 1 |a Петер  |b Р.  |g Роза 
801 1 |a RU  |b 63413507  |c 20101224 
801 2 |a RU  |b 63413507  |c 20221215  |g RCR 
942 |c BK